000 00287nam a22001337a 4500
008 171102b xxu||||| |||| 00| 0 eng d
020 _a9780030190292
041 _aeng
080 _26TH
_a339.138
100 _a60
101 _aMAR
245 _aMARKETING
_cSTONE,D.P
942 _2udc
_cBK
999 _c37329
_d37329